Language Quiz

Random Language or Blitz Quiz

Shortened Three Letter Words Quiz Stats

Quiz Updated Feb 24, 2012

Challenge
Share
Tweet
Embed
Score 0/222 Timer 08:00
4 Plays Today
% Correct
AC_ACE
88.4%
AR_ARB
88%
AN_ANA
87.8%
DI_DIB
86.3%
AP_APE
86.2%
AG_AGA
85.9%
BA_BAA
85.7%
AI_AID
85.3%
AL_ALA
85.2%
AX_AXE
84.8%
BE_BED
84.8%
DO_DOC
84.7%
AW_AWA
84.2%
BI_BIB
84.1%
BO_BOA
83.8%
AS_ASH
83.4%
AD_ADD
82.7%
EA_EAR
82.6%
BU_BUB
82.5%
GU_GUL
82.4%
CA_CAB
81.9%
AT_ATE
81.1%
HA_HAD
80.9%
HI_HIC
80.9%
DU_DUB
80.1%
DY_DYE
79.7%
AY_AYE
78.8%
HO_HOB
78.2%
BY_BYE
78.2%
EL_ELD
77.7%
AV_AVA
77.4%
FA_FAB
77.2%
DR_DRY
77.1%
HE_HEH
76.9%
DE_DEB
76.8%
BR_BRA
76.7%
HU_HUB
76.4%
IC_ICE
75.8%
AH_AHA
74.9%
FI_FIB
74.9%
EG_EGG
74.8%
EW_EWE
74.6%
EY_EYE
73.4%
CO_COB
72.9%
FO_FOB
72.6%
AF_AFF
72.6%
FE_FED
72.5%
EV_EVE
72.4%
ER_ERA
71.5%
FL_FLU
71.1%
MA_MAC
70.6%
FR_FRO
68.9%
JA_JAB
68.8%
EB_EBB
68.7%
DA_DAB
68.7%
ME_MED
68.4%
CH_CHI
68.4%
CU_CUB
68.4%
GA_GAB
68.2%
EE_EEK
67.8%
JO_JOB
67%
CR_CRU
66.6%
AM_AMA
66.6%
MO_MOA
66.5%
NO_NOB
66.3%
FU_FUB
66%
EN_END
65.6%
IL_ILK
64.7%
GE_GED
64.3%
AB_ABA
63.5%
IO_ION
62.9%
IR_IRE
62.8%
NA_NAB
61.5%
GI_GIB
61.5%
% Correct
EO_EON
61.2%
GO_GOA
60.8%
MU_MUD
60.7%
OA_OAF
60.4%
NU_NUB
60.4%
OD_ODA
60%
NI_NIB
59.8%
LY_LYE
59.5%
PI_PIA
58%
EK_EKE
57.9%
NE_NEB
57.6%
JE_JEE
57.2%
EF_EFF
56.9%
JU_JUG
56.6%
MI_MIB
56.6%
PO_POD
56.3%
KI_KID
55.9%
EM_EME
54.8%
IN_INK
54.6%
LA_LAB
54.4%
OF_OFF
54.4%
PU_PUB
54.3%
JI_JIB
54.2%
IT_ITS
53.8%
RA_RAD
52.9%
PR_PRO
52.7%
GN_GNU
52.6%
LI_LIB
52.5%
LE_LEA
52%
LO_LOB
51.4%
KE_KEA
51.3%
SA_SAB
51.2%
ET_ETA
50.6%
IV_IVY
50.2%
CE_CEE
50.2%
RO_ROB
49.5%
LU_LUG
48.9%
PL_PLY
48.8%
RU_RUB
48.5%
SE_SEA
48.5%
RI_RIA
47.8%
SH_SHA
47.8%
SI_SIB
47.8%
RE_REB
46.4%
SK_SKA
46.3%
IF_IFF
45.8%
SO_SOB
45.6%
AA_AAH
45.1%
OL_OLD
45.1%
OR_ORA
44.7%
TU_TUB
44.3%
PH_PHI
43.6%
RY_RYA
42.9%
SP_SPA
42.7%
KA_KAB
42.2%
ON_ONE
42.1%
SL_SLY
41.8%
OB_OBA
41.8%
PA_PAC
41.7%
OU_OUD
41.6%
OI_OIL
41.1%
PE_PEA
40.7%
TW_TWA
40.5%
PS_PSI
40%
AZ_AZO
39.6%
OW_OWE
39.4%
ES_ESS
39%
TA_TAB
38.8%
GY_GYM
37.6%
SU_SUB
37.4%
ST_STY
37.2%
OP_OPE
37.1%
OH_OHM
37.1%
WA_WAB
35.9%
% Correct
AU_AUK
35.7%
TE_TEA
35.6%
TH_THE
35.4%
VA_VAC
35.3%
TO_TOD
35.2%
CI_CIG
34.8%
ID_IDS
34.8%
GH_GHI
34.5%
WH_WHA
34.4%
TI_TIC
34.2%
WE_WEB
33.8%
WI_WIG
32.3%
RH_RHO
32.2%
OV_OVA
31.1%
WO_WOE
30.5%
TY_TYE
29.8%
VE_VEE
29.8%
OK_OKA
29.2%
QU_QUA
29%
TR_TRY
28.9%
WR_WRY
28.7%
IM_IMP
28.1%
KO_KOA
27.9%
ED_EDH
27.4%
HM_HMM
26.7%
VI_VIA
26.7%
YE_YEA
26.7%
PY_PYA
26.6%
US_USE
25.7%
QA_QAT
24.9%
YA_YAG
24.4%
YO_YOB
23.9%
KH_KHI
23.7%
EC_ECU
23%
UP_UPO
21.9%
OX_OXO
21.5%
OO_OOH
21.5%
UK_UKE
21.1%
IS_ISM
20.5%
ZI_ZIG
20.3%
UT_UTA
19.3%
KY_KYE
19.1%
IG_IGG
18.4%
ZA_ZAG
18.2%
SR_SRI
18%
UG_UGH
17.8%
ZO_ZOA
17.7%
MH_MHO
17.7%
OC_OCA
17%
QI_QIS
16.9%
UM_UMM
16.5%
YI_YID
16%
CW_CWM
15.9%
HY_HYP
15.4%
VO_VOE
15%
OS_OSE
13.5%
ZE_ZED
12.3%
OM_OMS
12.2%
WY_WYE
12.2%
UR_URB
10.7%
XI_XIS
9.9%
OE_OES
8.9%
NT_NTH
8.9%
KU_KUE
8.6%
UN_UNS
8.5%
UD_UDO
8.3%
YU_YUK
8.3%
SY_SYN
6.1%
TS_TSK
4.7%
MY_MYC
4.6%
VU_VUG
4.4%
UL_ULU
3.6%
WU_WUD
3.6%
ZU_ZUZ
2.6%

You're not logged in!

Compare scores with friends on all Sporcle quizzes.
Join for Free
OR
Log In

You Might Also Like...

Show Comments

Extras

Top Quizzes Today


Score Distribution

Your Account Isn't Verified!

In order to create a playlist on Sporcle, you need to verify the email address you used during registration. Go to your Sporcle Settings to finish the process.

Report this User

Report this user for behavior that violates our Community Guidelines.

Details: